Minga Lab 2020 /

Detalles Bibliográficos
Otros Autores: Proaño Escandón, Diego (Editor), Llerena Encalada, Ana (Editor)
Formato: Electrónico eBook
Lenguaje:español
Publicado: Cuenca, Ecuador : Universidad del Azuay, Casa Editora, [2025]
Colección:Artem (Universidad del Azuay, Casa Editora)
Materias:
Acceso en línea:Digitalia Hispánica

MARC

LEADER 00000nam a2200000 i 4500
001 DIGUAZUAY0288
003 NyNyDIG
007 cr |||||||||||
008 260119s2025 ec ae ob 000 0 spa d
006 m o d
035 |a (OCoLC)1536988689 
040 |a DGITA  |b eng  |e rda  |e pn  |c DGITA 
020 |a 9789942670571  |q eBook 
020 |z 9789942670564 
043 |a s-ec--- 
050 1 4 |a NA2542.36 ebook 
245 0 0 |a Minga Lab 2020 /  |c compilado por Diego Proaño Escandón, Ana Llerena Encalada. 
264 1 |a Cuenca, Ecuador :  |b Universidad del Azuay, Casa Editora,  |c [2025] 
300 |a 1 online resource :  |b illustrations, plans. 
336 |a text  |b txt  |2 rdacontent 
337 |a computer  |b c  |2 rdamedia 
338 |a online resource  |b cr  |2 rdacarrier 
347 |a text file  |2 rdaft 
347 |b PDF 
490 1 |a Artem 
504 |a Includes bibliographical references. 
588 0 |a Online resource; title from PDF title page (Digitalia, viewed January 19, 2026) 
650 0 |a Sustainable architecture  |z Ecuador. 
700 1 |a Proaño Escandón, Diego,  |e editor. 
700 1 |a Llerena Encalada, Ana,  |e editor. 
791 2 |a Digitalia (Firm),  |e distributor. 
793 0 |g Digitalia eBook Collection:  |a Universidad del Azuay 
776 0 8 |i Print version:  |t Minga Lab 2020.  |d Cuenca, Ecuador : Universidad del Azuay, Casa Editora, [2025]  |z 9789942670564 
830 0 |a Artem (Universidad del Azuay, Casa Editora) 
856 4 0 |3 Digitalia Hispánica  |u https://www.digitaliapublishing.com/a/180852/ 
910 |a Premium collection: 2026